000 00572nam a22002057a 4500
005 20240229135400.0
008 240229b ||||| |||| 00| 0 eng d
020 _a9789360789350
040 _aIN-DiNC
_cIN-DiNC
041 _deng
082 _a954.162
_bSEN
100 _aSen, Sanjay
_eauthor
245 _aIntroduction to culture and heritage of Assam/
_cby Sanjay Sen
250 _a1st imp.
260 _aGuwahati:
_bAshok publication,
_c2024.
300 _a223p.
650 _aArchaeological remains
650 _aHistorical monuments of Assam
942 _2ddc
_cBK
999 _c11774
_d11774